| 000 | 01353nam a22002655a 4500 | ||
|---|---|---|---|
| 999 |
_c27058 _d27030 |
||
| 003 | EG-ScBUE | ||
| 005 | 20190131121534.0 | ||
| 008 | 190131s2015 ua frb 000 0 ara d | ||
| 040 |
_aEG-ScBUE _bara _cEG-ScBUE _dEG-ScBUE |
||
| 043 | _af-ua--- | ||
| 082 | 0 | 4 |
_a343.6203 _bع ب د _222 |
| 100 | 1 | _aعبد المطلب، إيهاب. | |
| 245 | 1 | 2 |
_aالدفوع في جرائم الأموال العامة / _cإيهاب عبد المطلب. |
| 250 | _aط. 3. | ||
| 260 |
_a[القاهرة] : _bنادي القضاة، _c2015. |
||
| 300 |
_a478 ص. ؛ _c24 سم. |
||
| 505 | 0 | _aإختلاس المال العام - الاستيلاء على المال العام - الرشوة - التربح - الغدر - الإضرار العمدي بالمال العام - الإضرار غير العمدي بالمال العام - تقليد وتزييف العملة - التزوير في المحررات - الغش في عقود المقاولات - وجنايات أخرى. | |
| 541 |
_aد. أحمد حمد ؛ _cإهداء ؛ |
||
| 650 | 7 |
_aجرائم الأموال _xقوانين وتشريعات _zمصر. _2BUEsh _910938 |
|
| 650 | 7 |
_aالرشوة _xقوانين وتشريعات _zمصر. _2BUEsh |
|
| 650 | 7 |
_aالتزوير _xقوانين وتشريعات _zمصر. _2BUEsh |
|
| 651 | _2BUEsh | ||
| 653 |
_bLLAAWW _cJanuary2019 |
||
| 942 | _2ddc | ||